| 000 | 00769nam a2200193 a 4500 | ||
|---|---|---|---|
| 003 | 0 | ||
| 005 | 20250527145901.0 | ||
| 008 | 021122s19uu xx 00 eng d | ||
| 050 |
_aPHS LC 268 _b.C44 2002 |
||
| 100 | _aChen, I Yin (Sheryl). | ||
| 245 |
_aThe Effects of retreat/recollection on the behavior and academic performance of selected senior students of SIS and DLSZ / _cChen I Yin (Sheryl). |
||
| 260 |
_aLas PiƱas City, Philippines : _bSouthville International School and Colleges, _c2002. |
||
| 300 |
_a65 pages : _billustrations ; _c28 cm. |
||
| 504 | _aIncludes bibliographical references. | ||
| 650 |
_aRetreats for youth _zPhilippines. |
||
| 650 |
_aSpiritual retreats _zPhilippines. |
||
| 650 |
_aAcademic achievement _zPhilippines. |
||
| 942 |
_2lcc _cPASS |
||
| 999 |
_c96690 _d96690 |
||